01274cam a2200289 a 45000010008000000030004000080050017000120080041000290100017000700400018000870430030001050820016001352450135001512600043002863000047003294400095003765000028004715040029004996100052005286510057005806510063006376510064007006510057007646510063008216510064008847100036009483858890OSt20230704140740.0890127s1985 nyuaf b 100 0 eng  a 88102330  aDLCcDLCdDLC aaw-----ae------an-us---00a341.73bISC00aNATO's southern flank and security of the Middle East :bLisbon, Portugal, September 8-10, 1985 /cInternational Security Council. aNew York, N.Y. :bThe Council,cc1985. a134 p., [4] p. of plates :bill. ;c22 cm. 0aCAUSA International, International Security Council conference series,x0882-4878 ;vv. 12 aConference proceedings. aIncludes bibliographies.20aNorth Atlantic Treaty OrganizationxCongresses. 0aMiddle EastxMilitary relationszEuropexCongresses. 0aMiddle EastxMilitary relationszSoviet UnionxCongresses. 0aMiddle EastxMilitary relationszUnited StatesxCongresses. 0aEuropexMilitary relationszMiddle EastxCongresses. 0aSoviet UnionxMilitary relationszMiddle EastxCongresses. 0aUnited StatesxMilitary relationszMiddle EastxCongresses.2 aInternational Security Council.